Manual del cultivo de la alcachofa: cynara scolymus

Sábháilte in:
Sonraí bibleagrafaíochta
Údar corparáideach: Centro de Información de Recursos Naturales (Údar)
Formáid: LEABHAR
Teanga:Spáinnis
Foilsithe / Cruthaithe: Santiago CIREN 1988
Sraith:Publicación CIREN, 72
Ábhair:
Clibeanna: Cuir clib leis
Níl clibeanna ann, Bí ar an gcéad duine le clib a chur leis an taifead seo!

MARC

LEADER 00000nam a2200000 a 4500
001 UCV7369
003 CL-VaPUC
008 911004e19880000CL |||||||||||||||||spa|d
082 0 4 |a 635.32  |b CEN  |2 21 
110 2 |a Centro de Información de Recursos Naturales  |e author  |9 301470 
245 1 0 |a Manual del cultivo de la alcachofa: cynara scolymus 
300 |a 34 p 
942 |c BK 
945 |d 19911004 00:00:00 
260 |a Santiago  |b CIREN  |c 1988 
650 0 |a Alcachofa  |9 264482 
583 |a last modification  |c 20180604 01:15:19  |k Rodrigo Vera 
490 0 |a Publicación CIREN, 72 
999 |c 213060  |d 213058